MARC

LEADER 00000nam0a2200000 4500
001 356977
005 20231102010939.0
035 |a (RuTPU)RU\TPU\retro\14237 
090 |a 356977 
100 |a 20200724d1924 m y0rusy50 ca 
101 0 |a rus 
102 |a RU 
105 |a y z 000zb 
200 1 |a Томас Гоббс - родоначальник современного материализма, его жизнь и учение  |f Л. А. Ческис 
210 |a Москва  |c Красная новь  |d 1924 
215 |a 144 с. 
600 1 |a Гоббс  |g Томас  |b Т.  |c английский философ  |f 1588-1679  |2 stltpush  |3 (RuTPU)RU\TPU\pers\1268 
606 1 |a Английская философия  |x История  |z Конец 16-1 пол. 19 в. в.  |2 stltpush  |3 (RuTPU)RU\TPU\subj\29045  |9 52457 
610 1 |a философы 
610 1 |a Англия 
610 1 |a 17 век 
610 1 |a биография 
610 1 |a религиозно-схоластическое мировоззрение 
610 1 |a научное мировоззрение 
610 1 |a философская система 
610 1 |a психология 
610 1 |a социология 
686 |a Ю3(4Вл)5  |v LBC/SL-A  |2 rubbk 
700 1 |a Ческис  |b Л. А. 
801 1 |a RU  |b 63413507  |c 20200724 
801 2 |a RU  |b 63413507  |c 20200910  |g RCR 
942 |c BK